La viña de Jerez / (Record no. 117237)

MARC details
000 -LEADER
campo de control de longitud fija 00432nam a2200157 4500
001 - NÚMERO DE CONTROL
campo de control 117237
003 - IDENTIFICADOR DE NÚMERO DE CONTROL
campo de control ES-MaACL
005 - FECHA Y HORA DE LA ÚLTIMA TRANSACCIÓN
campo de control 20230906190845.0
007 - CAMPO FIJO DE DESCRIPCIÓN FÍSICA--INFORMACIÓN GENERAL
campo de control de longitud fija t|
008 - DATOS DE LONGITUD FIJA--INFORMACIÓN GENERAL
campo de control de longitud fija 070301q1925 sp r ||||1| spa d
100 1# - ENTRADA PRINCIPAL--NOMBRE DE PERSONA
Nombre de persona Paz Guerrero, Manuel.
9 (RLIN) 89772
245 13 - MENCIÓN DEL TÍTULO
Título La viña de Jerez /
Mención de responsabilidad, etc. por un obrero, Manuel Paz Guerrero.
260 ## - PUBLICACIÓN, DISTRIBUCIÓN, ETC.
Lugar de publicación, distribución, etc. Jerez :
Nombre del editor, distribuidor, etc. M. Marín,
Fecha de publicación, distribución, etc. 1925?
300 ## - DESCRIPCIÓN FÍSICA
Extensión 52 p. ;
Dimensiones 17 x 11 cm.
852 ## - LOCALIZACIÓN
Ubicación ES-MaACL
Número de control de estantería 1735-F-26
Holdings
Estatus retirado Estado de pérdida Estado de daño No para préstamo Colección Biblioteca de origen Biblioteca actual Ubicación en estantería Fecha de adquisición Fuente de adquisición Total de préstamos Signatura topográfica completa Código de barras Visto por última vez Precio de reemplazo Tipo de ítem Koha
        Colección de folletos Biblioteca del Ateneo de Madrid Biblioteca del Ateneo de Madrid Depósito folletos 17/01/2008     1735-F-26 1122235 23/02/2023 23/02/2023 Folleto